| 000 | 01337nam a22004217a 4500 | ||
|---|---|---|---|
| 001 | 218 | ||
| 003 | FISKH | ||
| 005 | 20240111112541.0 | ||
| 008 | 230306b cb ||||| |||| 00| 0 eng d | ||
| 020 | _a9781419712173 | ||
| 040 |
_aDLC _beng _cDLC _erda _dFISKH |
||
| 042 | _apcc | ||
| 050 | 0 | 0 |
_aHV2534.B44 _bA3 2014 |
| 082 | _a362.4 | ||
| 100 | 1 | _aBell, Cece. | |
| 245 | 1 | 0 |
_aEl Deafo / _cCece Bell ; color by David Lasky. |
| 264 | 1 |
_aNew York, NY : _bAmulet Books, _c2014. |
|
| 300 |
_a233 p. _billustrations (chiefly color) ; _c23 cm. |
||
| 336 |
_atext _2rdacontent |
||
| 337 |
_aunmediated _2rdamedia |
||
| 338 |
_avolume _2rdacarrier |
||
| 505 | _aM | ||
| 521 | 8 |
_a760
_bLexile |
|
| 521 | 8 |
_aM _bRaz-Plus |
|
| 586 | _aNewbery Honor, 2015. | ||
| 610 | 1 | 0 |
_aBell, Cece _xChildhood and youth _vComic books, strips, etc. |
| 650 | 0 |
_aDeaf children _vComic books, strips, etc. |
|
| 650 | 0 |
_aHearing aids for children _vComic books, strips, etc. |
|
| 650 | 0 |
_aRabbits _vComic books, strips, etc. |
|
| 650 | 0 |
_aFriendship _vComic books, strips, etc. |
|
| 650 | 0 |
_aCartoonists _vBiography _vComic books, strips, etc. |
|
| 650 | 0 | _aDeafness | |
| 650 | 0 | _achildhood disability | |
| 655 | 0 | _aGraphic novels. | |
| 700 | 1 |
_aLasky, David, _ecolorist. |
|
| 906 |
_a7 _bcbc _corignew _d2 _eepcn _f20 _gy-gencatlg |
||
| 942 |
_2ddc _cBK _n0 |
||
| 999 |
_c218 _d218 |
||